000 00554nam a2200181Ia 4500
999 _c7981
_d7981
003 OSt
005 20200113151343.0
008 190216s9999||||xx |||||||||||||| ||und||
020 _a9781259004957
040 _coclc
082 _a658.15937
_bKUM/C
100 _aKumar Prasanna J P
_91156
245 0 _aCost And Financial Management for Hotels /
_cPrasanna Kumar J P
260 _bTata Mcgraw Hill Publishing,
_c2013.
_aNew Delhi:
300 _a459p
650 _xManagement
942 _cBK
_2ddc
_h658.15937
_iKUM/C
_k658.15937
_mKUM/C